000 00799cab a2200253 4500
001 WB3337-29
008 090401t1997 xxu||||| |||| 00| 0 eng d
035 _a(Sirsi) u81089
041 _aeng
245 _aHousing needs £4bn
260 _c1997
350 _a0
490 _aHousing Today
_v(52) 25 September 1997, 3(1)
520 _aAccording to research for Shelter 1.5m new homes are needed by 2006 to reduce unmet need by three-quarters and to cope with newly arising need. This means that 160,000 new homes will be needed every year.
650 _aAffordable housing
_96215
650 _aFORECASTS
650 _aHOUSEHOLD PROJECTIONS
650 _aHOUSING NEED
650 _aNEW HOUSING
650 _aSOCIAL HOUSING
690 _aHOUSING
942 _n0
948 _c25/09/1997
999 _c51092
_d51092